Synergetic and new views on the management; 9th international scientific and practical conference of students, post-graduates and young scientists - modern techniques and technologies, Tomsk, 07-11 апреля 2003 г

Dettagli Bibliografici
Parent link:9th international scientific and practical conference of students, post-graduates and young scientists - modern techniques and technologies, Tomsk, 07-11 апреля 2003 г.— 2003
Autore principale: Chaykovskiy D. V. Denis Vitoldovich
Riassunto:В фонде НТБ ТПУ отсутствует
Lingua:russo
Pubblicazione: 2003
Soggetti:
Natura: MixedMaterials Capitolo di libro
KOHA link:https://koha.lib.tpu.ru/cgi-bin/koha/opac-detail.pl?biblionumber=601578

MARC

LEADER 00000naa0a2200000 4500
001 601578
005 20250219092254.0
035 |a (RuTPU)RU\TPU\tpu\26497 
090 |a 601578 
100 |a 20150115d2003 k y0rusy50 ca 
101 0 |a rus 
102 |a RU 
200 1 |a Synergetic and new views on the management   |f Chaykovskiy D. V. 
333 |a В фонде НТБ ТПУ отсутствует 
463 |t 9th international scientific and practical conference of students, post-graduates and young scientists - modern techniques and technologies, Tomsk, 07-11 апреля 2003 г  |n [Б. и.]  |d 2003 
610 1 |a труды учёных ТПУ 
700 1 |a Chaykovskiy  |b D. V.  |c Candidate of Philosophical Sciences  |f 1975-  |g Denis Vitoldovich  |3 (RuTPU)RU\TPU\pers\33311 
801 1 |a RU  |b 63413507  |c 20150115 
801 2 |a RU  |b 63413507  |c 20150115  |g RCR 
942 |c BK